| 000 | 00452cam a2200169ua 4500 | ||
|---|---|---|---|
| 041 |
_aeng _h |
||
| 082 |
_a631.53 _bADR/PR |
||
| 100 | _aAdriance, Guy.W . | ||
| 245 |
_aPropagation of Horticultural plants / _cW.Guy Adriance. _hTextual Documents |
||
| 250 |
_a2 / _b. |
||
| 260 |
_aNew Delhi : _bTata Mc-Graw Hill Publishing Company , _c1960. |
||
| 300 | _a298 ; . | ||
| 504 | _a | ||
| 700 | 1 | _aBrison, Fred.R . | |
| 942 | _cBK | ||
| 999 |
_c793 _d793 |
||